LEADER 02844nam 2200565 a 450 001 9910480670003321 005 20171101162248.0 010 $a1-4522-7170-4 010 $a1-4522-1447-6 035 $a(CKB)2550000000107908 035 $a(EBL)996283 035 $a(OCoLC)806220647 035 $a(SSID)ssj0000705057 035 $a(PQKBManifestationID)11405713 035 $a(PQKBTitleCode)TC0000705057 035 $a(PQKBWorkID)10620283 035 $a(PQKB)10043579 035 $a(MiAaPQ)EBC996283 035 $a(StDuBDS)EDZ0000077673 035 $a(EXLCZ)992550000000107908 100 $a20120418d2010 fy 0 101 0 $aeng 135 $aur|n|---||||| 181 $ctxt 182 $cc 183 $acr 200 10$aGiving wings to children's dreams$b[electronic resource] $emaking our schools worthy of our children /$fPaul D. Houston ; foreword by Terrence E. Deal 210 $aThousand Oaks, Calif. $cCorwin ;$aLondon $cSAGE$dc2010 215 $a1 online resource (177 p.) 300 $a"A SAGE Company." 311 $a1-4522-1959-1 311 $a1-4129-8035-6 320 $aIncludes bibliographical references. 327 $aCover; Contents; Foreword; About the Author; Acknowledgments; Introduction; Chapter 1 - My Wings; Chapter 2 - Teachers: Magicians and Conductors; Chapter 3 - Attitude = Altitude; Chapter 4 - Leaning Our Ladder Against the Right Wall; Chapter 5 - Crawling Out of the Box; Chapter 6 - How It Ought to Be; Chapter 7 - Getting Kids Ready for Democracy; Chapter 8 - Getting Kids Ready for School-Raising the Village; Chapter 9 - Getting Schools Ready for Kids; Chapter 10 - Getting the Words and Symbols Right; Chapter 11 - Horse Whispering: Harnessing Technology to Enhance Learning 327 $aChapter 12 - The Brain Is a Terrible Thing to WasteChapter 13 - Creativity and the Arts: The Surrey, Not the Fringe; Chapter 14 - Authentic Accountability; Chapter 15 - Lead Is Not a Four-Letter Word; Chapter 16 - Bored of Education; Chapter 17 - Dealing With the Heart and Soul; Chapter 18 - A School Worthy of Our Children-A Fable; Study Guide; References 330 8 $aIn this powerful collection, the former executive director of the American Association of School Administrators looks at the factors educators must consider in order to turn schools back into places that nurture children. 606 $aSchool improvement programs 606 $aSchool management and organization 608 $aElectronic books. 615 0$aSchool improvement programs. 615 0$aSchool management and organization. 676 $a371.2 676 $a371.207 700 $aHouston$b Paul D$0846673 801 0$bStDuBDS 801 1$bStDuBDS 906 $aBOOK 912 $a9910480670003321 996 $aGiving wings to children's dreams$91891705 997 $aUNINA LEADER 04779nam 22008535 450 001 9910416527503321 005 20200827185441.0 010 $a3-030-57745-7 024 7 $a10.1007/978-3-030-57745-2 035 $a(CKB)4100000011401106 035 $a(MiAaPQ)EBC6320930 035 $a(DE-He213)978-3-030-57745-2 035 $a(PPN)250215365 035 $a(EXLCZ)994100000011401106 100 $a20200827d2020 u| 0 101 0 $aeng 135 $aurcnu|||||||| 181 $ctxt$2rdacontent 182 $cc$2rdamedia 183 $acr$2rdacarrier 200 10$aAdvances in Asset Management and Condition Monitoring$b[electronic resource] $eCOMADEM 2019 /$fedited by Andrew Ball, Len Gelman, B. K. N. Rao 205 $a1st ed. 2020. 210 1$aCham :$cSpringer International Publishing :$cImprint: Springer,$d2020. 215 $a1 online resource (1,525 pages) $cillustrations 225 1 $aSmart Innovation, Systems and Technologies,$x2190-3018 ;$v166 311 $a3-030-57744-9 327 $aAsset Management -- Condition Monitoring -- Structural Health Monitoring -- A Meshing Resonance based Demodulation Algorithm and its Application for Planet Gear Tooth Root Crack Detection -- Exploring the Impacts of Using Mobile Collaborative Augmented Reality on the Field Service Business Model of Capital Goods Manufacturing Companies -- Research and Implementation of Real-time Motion Control of Robot based on Kinect. 330 $aThis book gathers select contributions from the 32nd International Congress and Exhibition on Condition Monitoring and Diagnostic Engineering Management (COMADEM 2019), held at the University of Huddersfield, UK in September 2019, and jointly organized by the University of Huddersfield and COMADEM International. The aim of the Congress was to promote awareness of the rapidly emerging interdisciplinary areas of condition monitoring and diagnostic engineering management. The contents discuss the latest tools and techniques in the multidisciplinary field of performance monitoring, root cause failure modes analysis, failure diagnosis, prognosis, and proactive management of industrial systems. There is a special focus on digitally enabled asset management and covers several topics such as condition monitoring, maintenance, structural health monitoring, non-destructive testing and other allied areas. Bringing together expert contributions from academia and industry, this book will be a valuable resource for those interested in latest condition monitoring and asset management techniques. . 410 0$aSmart Innovation, Systems and Technologies,$x2190-3018 ;$v166 606 $aVibration 606 $aDynamical systems 606 $aDynamics 606 $aBuilding repair 606 $aBuildings?Repair and reconstruction 606 $aQuality control 606 $aReliability 606 $aIndustrial safety 606 $aControl engineering 606 $aRobotics 606 $aMechatronics 606 $aElectronic circuits 606 $aVibration, Dynamical Systems, Control$3https://scigraph.springernature.com/ontologies/product-market-codes/T15036 606 $aBuilding Repair and Maintenance$3https://scigraph.springernature.com/ontologies/product-market-codes/T23055 606 $aQuality Control, Reliability, Safety and Risk$3https://scigraph.springernature.com/ontologies/product-market-codes/T22032 606 $aControl, Robotics, Mechatronics$3https://scigraph.springernature.com/ontologies/product-market-codes/T19000 606 $aCircuits and Systems$3https://scigraph.springernature.com/ontologies/product-market-codes/T24068 615 0$aVibration. 615 0$aDynamical systems. 615 0$aDynamics. 615 0$aBuilding repair. 615 0$aBuildings?Repair and reconstruction. 615 0$aQuality control. 615 0$aReliability. 615 0$aIndustrial safety. 615 0$aControl engineering. 615 0$aRobotics. 615 0$aMechatronics. 615 0$aElectronic circuits. 615 14$aVibration, Dynamical Systems, Control. 615 24$aBuilding Repair and Maintenance. 615 24$aQuality Control, Reliability, Safety and Risk. 615 24$aControl, Robotics, Mechatronics. 615 24$aCircuits and Systems. 676 $a621.816 702 $aBall$b Andrew$4edt$4http://id.loc.gov/vocabulary/relators/edt 702 $aGelman$b Len$4edt$4http://id.loc.gov/vocabulary/relators/edt 702 $aRao$b B. K. N$4edt$4http://id.loc.gov/vocabulary/relators/edt 801 0$bMiAaPQ 801 1$bMiAaPQ 801 2$bMiAaPQ 906 $aBOOK 912 $a9910416527503321 996 $aAdvances in Asset Management and Condition Monitoring$91935215 997 $aUNINA